FORENSIC ACCOUNTING & FRAUD EXAMINATION (Record no. 15244)

MARC details
000 -LEADER
fixed length control field 00396nam a22001577a 4500
003 - CONTROL NUMBER IDENTIFIER
control field OSt
005 - DATE AND TIME OF LATEST TRANSACTION
control field 20211027104952.0
008 - FIXED-LENGTH DATA ELEMENTS--GENERAL INFORMATION
fixed length control field 211027b |||||||| |||| 00| 0 eng d
020 ## - INTERNATIONAL STANDARD BOOK NUMBER
International Standard Book Number 9788131510544
040 ## - CATALOGING SOURCE
Original cataloging agency HU
Transcribing agency DDC
082 ## - DEWEY DECIMAL CLASSIFICATION NUMBER
Classification number 363.25963
245 ## - TITLE STATEMENT
Title FORENSIC ACCOUNTING & FRAUD EXAMINATION
260 ## - PUBLICATION, DISTRIBUTION, ETC.
Place of publication, distribution, etc. AUSTRALIA
Name of publisher, distributor, etc. CENGAGE LEARNING
Date of publication, distribution, etc. 2009
300 ## - PHYSICAL DESCRIPTION
Extent 687,P,32CM
942 ## - ADDED ENTRY ELEMENTS (KOHA)
Source of classification or shelving scheme Dewey Decimal Classification
Koha item type Books like text book referance book
Suppress in OPAC No
Holdings
Withdrawn status Lost status Source of classification or shelving scheme Damaged status Not for loan Home library Current library Shelving location Date acquired Total Checkouts Full call number Barcode Date last seen Copy number Price effective from Koha item type
    Dewey Decimal Classification     College of Business and Economics Library College of Business and Economics Library General Stacks 11/17/2021   363.25963/ALB MBEIJB 00002551 11/17/2021 1 11/17/2021 Books like text book referance book
    Dewey Decimal Classification     College of Business and Economics Library College of Business and Economics Library General Stacks 11/17/2021   363.25963/ALB MBEIJB 00002550 11/17/2021 2 11/17/2021 Books like text book referance book
    Dewey Decimal Classification     College of Business and Economics Library College of Business and Economics Library General Stacks 11/17/2021   363.259*63/ALB MBEIJB 00002548 11/17/2021 3 11/17/2021 Books like text book referance book
    Dewey Decimal Classification     College of Business and Economics Library College of Business and Economics Library General Stacks 11/17/2021   363.25963/ALB MBEIJB 00002549 11/17/2021 4 11/17/2021 Books like text book referance book
    Dewey Decimal Classification     Law & Governance lLbrary Law & Governance lLbrary General Stacks 10/27/2021   363.25963/ALB LGCLIB0001617 10/27/2021 C1 10/27/2021 Books like text book referance book
    Dewey Decimal Classification     Law & Governance lLbrary Law & Governance lLbrary General Stacks 10/27/2021   363.25963/ALB LGCLIB0001618 10/27/2021 C2 10/27/2021 Books like text book referance book